00718nam a2200241 a 450000100060000000300080000600500170001400800410003102000150007203500190008704000270010604100080013308200290014110000340017024500580020425000120026226000710027430000250034550000200037050400300039065000420042065000140046258953BD-RjUL20211209080658.0161220s1980 nju b 001 0 eng  a0876241496 a(BD-RjUL)59077 aDLCcDLCdBD-RjULbeng aeng00a657.450202223bNOF 19801 aNovak, Stephen Robert,d1922-10aField auditor's manual and guide /cStephen R. Novak. a1st ed. aEnglewood Cliffs, N.J. :bInstitute for Business Planning,cc1980. axv, 776 p. ;c25 cm. aIncludes index. aBibliography: p. 757-758. 0aAuditors v Handbooks, manuals, etc.  0aAuditors